000 02382nam a2200313 i 4500
001 991027366346407026
003 UkOxU
005 20251117094828.0
006 m o d |
007 cr cnu||||||||
008 201012s2020 xna o 000 0 eng d
020 _a9781760877811
035 _a(CKB)4100000011342373
035 _a(MiAaPQ)EBC6229082
035 _a(EXLCZ)994100000011342373
040 _aMiAaPQ
_beng
_erda
_epn
_cMiAaPQ
_dMiAaPQ
041 _aeng
050 4 _aHG222.3
_b.B769 2020
100 _aBrowne, Melissa
_eauthor
_926523
245 1 0 _aBudgets don't work
_b: (but this does)
_c/ Melissa Browne.
260 _aCrows Nest :
_bAllen & Unwin,
_c2020.
300 _a218 pages ;
_c23 cm.
520 _aIn this breakthrough book you'll discover your Money Story, your Money Type and just as importantly you'll learn the habits, triggers and tricks that are right for you. If you've ever tried to budget but found it just doesn't work, you need to read this book. When it comes to saving and spending money, we're not all the same. Yet for too long, the financial advice world has treated us as if we are. This book will give you the tools you need to make that long-awaited financial breakthrough, allowing you to discover your "Financial Phenotype": the unique combination comprising your Money Story, your Money Environment, your Money Type and, just as importantly, the habits, triggers, and tricks that are right for you. Once you realize that the one-size-fits-all approach to finances you've been trying to adopt doesn't work for most people, it can be liberating. Finally there's a rational explanation for why you've struggled with money—why you're perpetually sabotaging, why you're constantly at loggerheads with your partner or why you just can't seem to be consistent. When it comes to other areas of your life, such as food and exercise, you've no doubt embraced a multi-faceted, often highly personalized approach and you recognize that's important. Why should it be any different when it comes to your finances? That's why understanding your Money Story and discovering your Money Type is the key to financial success.
588 _aDescription based on print version record.
650 0 _aMoney
_xPsychological aspects
_926524
650 0 _aFinance, Personal
_910893
650 0 _aBudgets, Personal
_926525
942 _2lcc
999 _c5184
_d5184